LEADER 01498nam a2200277 u 4500 001 000000010780 003 CaOOAMICUS 005 20070226105344.0 008 940711s1972 it u000 u fre u 035 $a10267850 040 $aPUL(R)$bita 100 1 $aPoulat, Émile,$d1920-$0(OLS)http://pul/name/10532 245 14$aUne oeuvre clandestine d'Henri Bremond :$bSylvain Leblanc, Un clerc qui n'a pas trahi : Alfred Loisy d'après ses mémoires, 1931 /$cedition critique et dossier historique par Emile Poulat. 260 $aRoma :$bEdizioni di Storia e Letteratura,$c1972. 300 $a186 p. ;$c25 cm 490 1 $aUomini e dottrine ;$v18 600 14$aBremond, Henri,$csac.,$d1865-1933.$0(OLS)http://pul/subject/7718 600 14$aLoisy, Alfred Firmin,$d1857-1940.$0(OLS)http://pul/subject/692 700 12$aBremond, Henri,$csac.,$d1865-1933$tClerc qui n'a pas trahi : Alfred Loisy d'après ses mémoires 1931.$0(OLS)http://pul/name/10533 830 0$aUomini e dottrine ;$v18.$0(OLS)http://pul/title/8244 850 $aPUL 852 $aPUL$W1$xDP1 Fondo Maccarrone$y58$m1526 B 23$j15288$nBK-PRI$b $qFondi$B15288$CPULBib$Z2$F15288 $H $81 941 1 $a1 961 $aINV: F. Maccarrone 996 $6245$aUne oeuvre clandestine d'Henri Bremond :$bSylvain Leblanc, Un clerc qui n'a pas trahi : Alfred Loisy d'après ses mémoires, 1931$9(OLS)http://pul/title/15711 996 $6260$aRoma :$bEdizioni di Storia e Letteratura$9(OLS)http://pul/publisher/48123 LEADER 00931nam a2200229 u 4500 001 000000065279 003 CaOOAMICUS 005 20070226121441.0 008 011204s1906 it u000 u ita u 035 $a10912590 040 $aPUL(R)$bita 100 1 $aMetchnikoff, Elia.$0(OLS)http://pul/name/43978 245 13$aLe disarmonie della natura umana e il problema della morte /$csaggio di filosofia ottimista di Elia Metchnikoff. 260 $aMilano :$bL.F. Pallestrini & C.,$c1906. 300 $a353 p. ;$c20 cm 504 $aBibliografia in nota. 650 4$aMorte.$0(OLS)http://pul/subject/4246 850 $aPUL 852 $aPUL$W1$xDP2 Filosofia 1$y62$m89 G 23$j84556$nBK-PRI$b $qStampati$B84556$CPULBib$Z2$F84556 $81 941 1 $a8 996 $6245$aLe disarmonie della natura umana e il problema della morte$9(OLS)http://pul/title/86861 996 $6260$aMilano :$bL.F. Pallestrini & C.$9(OLS)http://pul/publisher/71112